The Woods Runner / (Record no. 186898)

000 -LEADER
fixed length control field 00816 a2200169 4500
003 - CONTROL NUMBER IDENTIFIER
control field Nust
005 - DATE AND TIME OF LATEST TRANSACTION
control field 20230331104859.0
040 ## - CATALOGING SOURCE
Transcribing agency Nust
082 ## - DEWEY DECIMAL CLASSIFICATION NUMBER
Classification number 808.83,DEX
100 ## - MAIN ENTRY--PERSONAL NAME
Personal name Pendexter, Hugh
9 (RLIN) 111651
245 ## - TITLE STATEMENT
Title The Woods Runner /
Statement of responsibility, etc. Hugh Pendexter
260 ## - PUBLICATION, DISTRIBUTION, ETC.
Place of publication, distribution, etc. London
Name of publisher, distributor, etc. Wild West Club
300 ## - PHYSICAL DESCRIPTION
Extent 252:p
505 ## - FORMATTED CONTENTS NOTE
Formatted contents note Down To The Sea (Page-9), The New Lodger (Page-20), The Exodus (Page-33), Over The Ridge (Page-50), Borden’s Grant (Page-61), Strange Faring (Page-84), Danger From The South (Page-94), The Lynx Man Takes A Drink (Page-108), The Path Of Many Dangers (Page-121), Suspicions (Page-142), An Interrupted Journey (Page-164), Medicine (Page-179), Danger From The West (Page-196), Some Volunteers (Page-214), Desartre Strikes (Page-234).
650 ## - SUBJECT ADDED ENTRY--TOPICAL TERM
Topical term or geographic name entry element Novel
9 (RLIN) 2525
942 ## - ADDED ENTRY ELEMENTS (KOHA)
Source of classification or shelving scheme
Koha item type Book
Call number prefix 808.83,DEX
Holdings
Withdrawn status Lost status Source of classification or shelving scheme Damaged status Not for loan Permanent Location Current Location Shelving location Date acquired Full call number Barcode Date last seen Price effective from Koha item type Public note
          Military College of Signals (MCS) Military College of Signals (MCS) Fiction 12/12/2016 808.83,DEX MCS29868 12/08/2016 12/12/2016 Book Almirh No 75, Shelf No 4
© 2023 Central Library, National University of Sciences and Technology. All Rights Reserved.